[Event "World Cup 2023 Open"]
[Site "Baku, Azerbaijan"]
[Date "2023.08.02"]
[Round "11.13"]
[White "Kuybokarov Temur (AUS)"]
[Black "Yu Yangyi (CHN)"]
[Result "0-1"]
[WhiteFideId "14203049"]
[BlackFideId "8603820"]
[WhiteElo "2581"]
[BlackElo "2735"]

1. e4 {[%clk 01:30:52]} {[%emt 00:00:06]} e5 {[%clk 01:30:51]} {[%emt
00:00:10]} 2. Nf3 {[%clk 01:31:09]} {[%emt 00:00:13]} Nf6 {[%clk 01:30:48]}
{[%emt 00:00:34]} 3. Nxe5 {[%clk 01:31:08]} {[%emt 00:00:32]} d6 {[%clk
01:31:06]} {[%emt 00:00:12]} 4. Nf3 {[%clk 01:30:45]} {[%emt 00:00:53]} Nxe4
{[%clk 01:31:26]} {[%emt 00:00:10]} 5. d4 {[%clk 01:30:50]} {[%emt 00:00:24]}
d5 {[%clk 01:31:43]} {[%emt 00:00:13]} 6. Bd3 {[%clk 01:31:04]} {[%emt
00:00:15]} Nc6 {[%clk 01:30:45]} {[%emt 00:01:29]} 7. O-O {[%clk 01:31:12]}
{[%emt 00:00:21]} Be7 {[%clk 01:31:04]} {[%emt 00:00:11]} 8. Nbd2 {[%clk
01:31:07]} {[%emt 00:00:35]} Bf5 {[%clk 01:30:06]} {[%emt 00:01:28]} 9. Re1
{[%clk 01:30:51]} {[%emt 00:00:45]} Nxd2 {[%clk 01:29:57]} {[%emt 00:00:40]} 10.
Qxd2 {[%clk 01:31:08]} {[%emt 00:00:13]} Bg6 {[%clk 01:30:17]} {[%emt
00:00:10]} 11. c3 {[%clk 01:19:18]} {[%emt 00:12:21]} O-O {[%clk 01:30:07]}
{[%emt 00:00:38]} 12. Qc2 {[%clk 01:17:44]} {[%emt 00:02:06]} Qd7 {[%clk
01:23:59]} {[%emt 00:06:38]} 13. Bf4 {[%clk 01:16:10]} {[%emt 00:02:03]} Rae8
{[%clk 01:22:31]} {[%emt 00:01:58]} 14. Re3 {[%clk 01:12:59]} {[%emt 00:03:41]}
Bf6 {[%clk 01:18:28]} {[%emt 00:04:33]} 15. Rae1 {[%clk 01:06:32]} {[%emt
00:06:56]} Rxe3 {[%clk 01:15:41]} {[%emt 00:03:19]} 16. fxe3 {[%clk 01:04:03]}
{[%emt 00:02:58]} Re8 {[%clk 01:08:12]} {[%emt 00:07:59]} 17. h3 {[%clk
00:56:45]} {[%emt 00:07:48]} Ne7 {[%clk 00:59:34]} {[%emt 00:09:09]} 18. Be5
{[%clk 00:54:00]} {[%emt 00:03:15]} Bxd3 {[%clk 00:54:16]} {[%emt 00:05:49]} 19.
Qxd3 {[%clk 00:54:01]} {[%emt 00:00:29]} Bxe5 {[%clk 00:53:41]} {[%emt
00:01:05]} 20. Nxe5 {[%clk 00:54:24]} {[%emt 00:00:07]} Qa4 {[%clk 00:53:18]}
{[%emt 00:00:53]} 21. e4 {[%clk 00:51:24]} {[%emt 00:03:29]} f6 {[%clk
00:35:40]} {[%emt 00:18:09]} 22. Nf3 {[%clk 00:47:07]} {[%emt 00:04:47]} Qc6
{[%clk 00:35:10]} {[%emt 00:01:00]} 23. e5 {[%clk 00:40:39]} {[%emt 00:06:57]}
Ng6 {[%clk 00:35:26]} {[%emt 00:00:14]} 24. Qf5 {[%clk 00:37:24]} {[%emt
00:03:46]} fxe5 {[%clk 00:32:44]} {[%emt 00:03:12]} 25. dxe5 {[%clk 00:32:54]}
{[%emt 00:04:58]} Qe6 {[%clk 00:30:20]} {[%emt 00:02:54]} 26. Qg5 {[%clk
00:29:33]} {[%emt 00:03:52]} Qb6+ {[%clk 00:28:50]} {[%emt 00:02:01]} 27. Kh1
{[%clk 00:28:58]} {[%emt 00:01:05]} Qxb2 {[%clk 00:28:12]} {[%emt 00:01:08]} 28.
e6 {[%clk 00:27:35]} {[%emt 00:01:53]} c6 {[%clk 00:25:59]} {[%emt 00:02:44]}
29. Qg3 {[%clk 00:17:43]} {[%emt 00:10:22]} Qb6 {[%clk 00:17:13]} {[%emt
00:09:16]} 30. Ng5 {[%clk 00:14:54]} {[%emt 00:03:19]} Qd8 {[%clk 00:09:53]}
{[%emt 00:07:50]} 31. Rf1 {[%clk 00:15:12]} {[%emt 00:00:11]} Re7 {[%clk
00:09:36]} {[%emt 00:00:47]} 32. Qg4 {[%clk 00:13:12]} {[%emt 00:02:30]} Qe8
{[%clk 00:09:19]} {[%emt 00:00:47]} 33. Qf5 {[%clk 00:05:38]} {[%emt 00:08:04]}
Qb8 {[%clk 00:08:57]} {[%emt 00:00:52]} 34. Qd3 {[%clk 00:03:14]} {[%emt
00:02:55]} Qe5 {[%clk 00:07:55]} {[%emt 00:01:31]} 35. Rf5 {[%clk 00:03:34]}
{[%emt 00:00:10]} Qe1+ {[%clk 00:07:46]} {[%emt 00:00:39]} 36. Rf1 {[%clk
00:03:59]} {[%emt 00:00:06]} Qh4 {[%clk 00:07:09]} {[%emt 00:01:07]} 37. Qf5
{[%clk 00:02:21]} {[%emt 00:02:08]} h6 {[%clk 00:07:23]} {[%emt 00:00:16]} 38.
Nf3 {[%clk 00:00:57]} {[%emt 00:01:54]} Qe4 {[%clk 00:06:15]} {[%emt 00:01:36]}
39. Qh5 {[%clk 00:01:26]} {[%emt 00:00:03]} Nf4 {[%clk 00:05:17]} {[%emt
00:01:29]} 40. Qh4 {[%clk 00:01:33]} {[%emt 00:00:22]} Rxe6 {[%clk 00:04:48]}
{[%emt 00:00:59]} 41. Qf2 {[%emt 00:11:14]} Qe2 {[%clk 00:33:03]} {[%emt
00:02:12]} 42. Qg1 {[%clk 00:20:21]} {[%emt 00:01:02]} Qe3 {[%clk 00:28:43]}
{[%emt 00:04:50]} 43. Qh2 {[%clk 00:20:23]} {[%emt 00:00:28]} c5 {[%clk
00:28:32]} {[%emt 00:00:41]} 0-1

[Event "World Cup 2023 Open"]
[Site "Baku, Azerbaijan"]
[Date "2023.08.02"]
[Round "11.14"]
[White "Duda Jan-Krzysztof (POL)"]
[Black "Cordova Emilio (PER)"]
[Result "1-0"]
[WhiteFideId "1170546"]
[BlackFideId "3801497"]
[WhiteElo "2732"]
[BlackElo "2542"]

1. e4 {[%clk 01:30:55]} {[%emt 00:00:03]} c5 {[%clk 01:30:40]} {[%emt
00:00:22]} 2. Nf3 {[%clk 01:31:17]} {[%emt 00:00:08]} Nc6 {[%clk 01:30:41]}
{[%emt 00:00:28]} 3. d4 {[%clk 01:31:35]} {[%emt 00:00:13]} cxd4 {[%clk
01:31:05]} {[%emt 00:00:06]} 4. Nxd4 {[%clk 01:31:59]} {[%emt 00:00:06]} Nf6
{[%clk 01:31:28]} {[%emt 00:00:06]} 5. Nc3 {[%clk 01:32:23]} {[%emt 00:00:07]}
d6 {[%clk 01:31:53]} {[%emt 00:00:04]} 6. Bg5 {[%clk 01:32:45]} {[%emt
00:00:09]} Bd7 {[%clk 01:31:42]} {[%emt 00:00:40]} 7. Qd2 {[%clk 01:32:53]}
{[%emt 00:00:23]} Rc8 {[%clk 01:31:49]} {[%emt 00:00:23]} 8. O-O-O {[%clk
01:33:05]} {[%emt 00:00:18]} Nxd4 {[%clk 01:31:55]} {[%emt 00:00:24]} 9. Qxd4
{[%clk 01:33:26]} {[%emt 00:00:09]} Qa5 {[%clk 01:32:17]} {[%emt 00:00:08]} 10.
f4 {[%clk 01:33:19]} {[%emt 00:00:37]} h6 {[%clk 01:32:24]} {[%emt 00:00:22]}
11. Bxf6 {[%clk 01:33:33]} {[%emt 00:00:16]} gxf6 {[%clk 01:32:49]} {[%emt
00:00:05]} 12. Kb1 {[%clk 01:33:39]} {[%emt 00:00:24]} Qc5 {[%clk 01:32:51]}
{[%emt 00:00:28]} 13. Qd3 {[%clk 01:33:39]} {[%emt 00:00:30]} h5 {[%clk
01:31:55]} {[%emt 00:01:26]} 14. Nd5 {[%clk 01:24:21]} {[%emt 00:09:48]} Bg7
{[%clk 01:29:47]} {[%emt 00:02:37]} 15. f5 {[%clk 01:22:05]} {[%emt 00:02:48]}
a5 {[%clk 01:26:38]} {[%emt 00:03:38]} 16. h4 {[%clk 01:15:23]} {[%emt
00:07:12]} b5 {[%clk 01:08:22]} {[%emt 00:18:46]} 17. c3 {[%clk 01:09:45]}
{[%emt 00:06:08]} b4 {[%clk 00:54:08]} {[%emt 00:14:44]} 18. cxb4 {[%clk
01:05:02]} {[%emt 00:05:13]} axb4 {[%clk 00:54:32]} {[%emt 00:00:05]} 19. Qb3
{[%clk 01:05:21]} {[%emt 00:00:11]} Bh6 {[%clk 00:39:52]} {[%emt 00:15:09]} 20.
Ba6 {[%clk 01:04:02]} {[%emt 00:01:50]} Rb8 {[%clk 00:38:13]} {[%emt 00:02:08]}
21. a3 {[%clk 00:51:23]} {[%emt 00:13:10]} Rg8 {[%clk 00:26:39]} {[%emt
00:12:04]} 22. Nxb4 {[%clk 00:48:19]} {[%emt 00:03:35]} Rxg2 {[%clk 00:23:57]}
{[%emt 00:03:12]} 23. Bc4 {[%clk 00:48:21]} {[%emt 00:00:29]} Kf8 {[%clk
00:16:46]} {[%emt 00:07:40]} 24. Bxf7 {[%clk 00:43:55]} {[%emt 00:04:56]} Rxb4
{[%clk 00:10:18]} {[%emt 00:06:58]} 25. axb4 {[%clk 00:42:22]} {[%emt
00:02:02]} Qe5 {[%clk 00:10:44]} {[%emt 00:00:04]} 26. Bd5 {[%clk 00:37:19]}
{[%emt 00:05:33]} Ba4 {[%clk 00:10:49]} {[%emt 00:00:25]} 27. Qa3 {[%clk
00:32:19]} {[%emt 00:05:30]} Be3 {[%clk 00:11:01]} {[%emt 00:00:18]} 28. Rd3
{[%clk 00:31:20]} {[%emt 00:01:29]} Bd4 {[%clk 00:09:22]} {[%emt 00:02:09]} 29.
Rb3 {[%clk 00:31:26]} {[%emt 00:00:24]} Be8 {[%clk 00:05:39]} {[%emt 00:04:13]}
30. b5 {[%clk 00:29:11]} {[%emt 00:02:45]} Kg7 {[%clk 00:02:40]} {[%emt
00:03:29]} 31. Qa8 {[%clk 00:28:15]} {[%emt 00:01:26]} 1-0

[Event "World Cup 2023 Open"]
[Site "Baku, Azerbaijan"]
[Date "2023.08.02"]
[Round "11.15"]
[White "Ivanisevic Ivan (SRB)"]
[Black "Le Quang Liem (VIE)"]
[Result "1/2-1/2"]
[WhiteFideId "912417"]
[BlackFideId "12401137"]
[WhiteElo "2536"]
[BlackElo "2728"]

1. d4 {[%clk 01:30:57]} {[%emt 00:00:03]} Nf6 {[%clk 01:30:46]} {[%emt
00:00:14]} 2. Nf3 {[%clk 01:31:19]} {[%emt 00:00:07]} d5 {[%clk 01:31:05]}
{[%emt 00:00:12]} 3. Bf4 {[%clk 01:31:40]} {[%emt 00:00:09]} c5 {[%clk
01:31:25]} {[%emt 00:00:10]} 4. e3 {[%clk 01:32:03]} {[%emt 00:00:07]} Nc6
{[%clk 01:31:44]} {[%emt 00:00:10]} 5. Nbd2 {[%clk 01:32:26]} {[%emt 00:00:07]}
Qb6 {[%clk 01:31:41]} {[%emt 00:00:33]} 6. dxc5 {[%clk 01:32:47]} {[%emt
00:00:10]} Qxb2 {[%clk 01:32:03]} {[%emt 00:00:07]} 7. Rb1 {[%clk 01:32:54]}
{[%emt 00:00:22]} Qa3 {[%clk 01:32:24]} {[%emt 00:00:09]} 8. Bd3 {[%clk
01:28:43]} {[%emt 00:04:42]} g6 {[%clk 01:29:38]} {[%emt 00:03:16]} 9. Nd4
{[%clk 01:25:31]} {[%emt 00:03:42]} a6 {[%clk 01:28:31]} {[%emt 00:01:38]} 10.
O-O {[%clk 01:22:36]} {[%emt 00:03:25]} Bg7 {[%clk 01:23:18]} {[%emt 00:05:43]}
11. Nxc6 {[%clk 01:15:39]} {[%emt 00:07:27]} bxc6 {[%clk 01:23:40]} {[%emt
00:00:08]} 12. Be5 {[%clk 01:15:51]} {[%emt 00:00:18]} Qxc5 {[%clk 01:13:57]}
{[%emt 00:10:13]} 13. Nb3 {[%clk 01:13:44]} {[%emt 00:02:37]} Qa7 {[%clk
01:12:36]} {[%emt 00:01:50]} 14. Qe1 {[%clk 01:12:50]} {[%emt 00:01:25]} O-O
{[%clk 01:03:17]} {[%emt 00:09:49]} 15. Qc3 {[%clk 01:10:58]} {[%emt 00:02:21]}
a5 {[%clk 01:02:50]} {[%emt 00:00:58]} 16. Qxc6 {[%clk 01:06:18]} {[%emt
00:05:10]} Bd7 {[%clk 01:00:40]} {[%emt 00:02:40]} 17. Qc5 {[%clk 00:59:21]}
{[%emt 00:07:27]} a4 {[%clk 00:57:19]} {[%emt 00:03:51]} 18. Qxa7 {[%clk
00:58:23]} {[%emt 00:01:29]} Rxa7 {[%clk 00:57:46]} {[%emt 00:00:02]} 19. Nc5
{[%clk 00:51:49]} {[%emt 00:07:04]} Rc8 {[%clk 00:56:02]} {[%emt 00:02:14]} 20.
Bd4 {[%clk 00:50:41]} {[%emt 00:01:38]} Ne4 {[%clk 00:47:12]} {[%emt 00:09:19]}
21. Nxd7 {[%clk 00:25:12]} {[%emt 00:26:00]} Rxd7 {[%clk 00:45:07]} {[%emt
00:02:35]} 22. Rb4 {[%clk 00:25:30]} {[%emt 00:00:12]} e5 {[%clk 00:39:30]}
{[%emt 00:06:07]} 23. Bb2 {[%clk 00:25:35]} {[%emt 00:00:26]} a3 {[%clk
00:35:01]} {[%emt 00:04:59]} 24. Bxa3 {[%clk 00:18:25]} {[%emt 00:07:40]} Bf8
{[%clk 00:35:22]} {[%emt 00:00:09]} 25. Ra4 {[%clk 00:17:21]} {[%emt 00:01:34]}
Nc3 {[%clk 00:35:41]} {[%emt 00:00:11]} 26. Ra5 {[%clk 00:17:45]} {[%emt
00:00:06]} Bxa3 {[%clk 00:31:57]} {[%emt 00:04:14]} 27. Rxa3 {[%clk 00:18:11]}
{[%emt 00:00:05]} e4 {[%clk 00:32:06]} {[%emt 00:00:20]} 28. Ba6 {[%clk
00:18:36]} {[%emt 00:00:05]} Rc5 {[%clk 00:31:45]} {[%emt 00:00:50]} 29. Rb3
{[%clk 00:13:00]} {[%emt 00:06:06]} Ra7 {[%clk 00:31:48]} {[%emt 00:00:26]} 30.
Rb6 {[%clk 00:13:22]} {[%emt 00:00:09]} Kg7 {[%clk 00:31:04]} {[%emt 00:01:14]}
31. g4 {[%clk 00:13:08]} {[%emt 00:00:44]} h6 {[%clk 00:22:04]} {[%emt
00:09:29]} 32. Ra1 {[%clk 00:11:23]} {[%emt 00:02:16]} Na4 {[%clk 00:18:50]}
{[%emt 00:03:44]} 33. Rd6 {[%clk 00:11:32]} {[%emt 00:00:21]} Rxc2 {[%clk
00:19:07]} {[%emt 00:00:12]} 34. Bf1 {[%clk 00:10:49]} {[%emt 00:01:13]} Rd2
{[%clk 00:15:11]} {[%emt 00:04:26]} 35. Rc1 {[%clk 00:07:57]} {[%emt 00:03:23]}
Nb2 {[%clk 00:14:39]} {[%emt 00:01:01]} 36. Rc5 {[%clk 00:08:13]} {[%emt
00:00:15]} Nd3 {[%clk 00:13:51]} {[%emt 00:01:17]} 37. Bxd3 {[%clk 00:02:58]}
{[%emt 00:05:45]} exd3 {[%clk 00:14:13]} {[%emt 00:00:08]} 38. Rc1 {[%clk
00:03:24]} {[%emt 00:00:04]} Raxa2 {[%clk 00:09:10]} {[%emt 00:05:33]} 39. Rf1
{[%clk 00:03:49]} {[%emt 00:00:05]} Ra5 {[%clk 00:08:38]} {[%emt 00:01:02]} 40.
Kg2 {[%clk 00:03:45]} {[%emt 00:00:35]} Kf8 {[%clk 00:08:50]} {[%emt 00:00:17]}
41. Rd7 {[%clk 00:01:38]} {[%emt 00:02:37]} Ke8 {[%clk 00:06:41]} {[%emt
00:02:38]} 42. Rb7 {[%clk 00:29:42]} {[%emt 00:02:27]} Ra4 {[%clk 00:27:51]}
{[%emt 00:09:19]} 43. Kf3 {[%clk 00:26:34]} {[%emt 00:03:39]} Ra6 {[%clk
00:27:44]} {[%emt 00:00:37]} 44. Kg3 {[%clk 00:23:50]} {[%emt 00:03:15]} Rd6
{[%clk 00:27:42]} {[%emt 00:00:31]} 45. Rb4 {[%clk 00:23:08]} {[%emt 00:01:13]}
Ke7 {[%clk 00:27:31]} {[%emt 00:00:41]} 46. Rd4 {[%clk 00:22:50]} {[%emt
00:00:48]} Ke6 {[%clk 00:27:49]} {[%emt 00:00:12]} 47. Rb1 {[%clk 00:14:27]}
{[%emt 00:08:52]} Rc6 {[%clk 00:25:50]} {[%emt 00:02:30]} 48. Rb3 {[%clk
00:13:41]} {[%emt 00:01:17]} Rcc2 {[%clk 00:21:39]} {[%emt 00:04:40]} 49. Rb6+
{[%clk 00:14:03]} {[%emt 00:00:09]} Ke7 {[%clk 00:22:02]} {[%emt 00:00:06]} 50.
Rb7+ {[%clk 00:14:11]} {[%emt 00:00:23]} Kd6 {[%clk 00:20:27]} {[%emt
00:02:05]} 51. Rxf7 {[%clk 00:13:15]} {[%emt 00:01:26]} Rd1 {[%clk 00:20:50]}
{[%emt 00:00:07]} 52. e4 {[%clk 00:08:48]} {[%emt 00:04:58]} Rg1+ {[%clk
00:19:45]} {[%emt 00:01:34]} 53. Kf3 {[%clk 00:09:08]} {[%emt 00:00:10]} Ke6
{[%clk 00:19:59]} {[%emt 00:00:16]} 54. Ra7 {[%clk 00:06:15]} {[%emt 00:03:23]}
d2 {[%clk 00:18:21]} {[%emt 00:02:08]} 55. Ra6+ {[%clk 00:06:28]} {[%emt
00:00:18]} Ke7 {[%clk 00:18:32]} {[%emt 00:00:17]} 56. Ra7+ {[%clk 00:06:53]}
{[%emt 00:00:06]} Kf6 {[%clk 00:18:50]} {[%emt 00:00:11]} 57. Ra6+ {[%clk
00:07:15]} {[%emt 00:00:09]} Kg7 {[%clk 00:19:02]} {[%emt 00:00:18]} 58. Ra7+
{[%clk 00:07:39]} {[%emt 00:00:06]} Kf8 {[%clk 00:19:20]} {[%emt 00:00:12]} 59.
Ra8+ {[%clk 00:08:01]} {[%emt 00:00:08]} Kf7 {[%emt 00:00:05]} 1/2-1/2

[Event "World Cup 2023 Open"]
[Site "Baku, Azerbaijan"]
[Date "2023.08.02"]
[Round "11.16"]
[White "Wei Yi (CHN)"]
[Black "Supi Luis Paulo (BRA)"]
[Result "1-0"]
[WhiteFideId "8603405"]
[BlackFideId "2106388"]
[WhiteElo "2726"]
[BlackElo "2582"]

1. e4 {[%clk 01:30:55]} {[%emt 00:00:04]} c5 {[%clk 01:30:53]} {[%emt
00:00:07]} 2. Nf3 {[%clk 01:31:21]} {[%emt 00:00:06]} Nc6 {[%clk 01:31:19]}
{[%emt 00:00:03]} 3. d4 {[%clk 01:31:40]} {[%emt 00:00:11]} cxd4 {[%clk
01:31:46]} {[%emt 00:00:03]} 4. Nxd4 {[%clk 01:32:06]} {[%emt 00:00:05]} Nf6
{[%clk 01:32:11]} {[%emt 00:00:05]} 5. Nc3 {[%clk 01:32:31]} {[%emt 00:00:05]}
e5 {[%clk 01:32:35]} {[%emt 00:00:06]} 6. Ndb5 {[%clk 01:32:57]} {[%emt
00:00:04]} d6 {[%clk 01:33:02]} {[%emt 00:00:03]} 7. Nd5 {[%clk 01:33:04]}
{[%emt 00:00:23]} Nxd5 {[%clk 01:33:30]} {[%emt 00:00:02]} 8. exd5 {[%clk
01:33:27]} {[%emt 00:00:07]} Nb8 {[%clk 01:33:44]} {[%emt 00:00:14]} 9. a4
{[%clk 01:33:44]} {[%emt 00:00:15]} Be7 {[%clk 01:33:51]} {[%emt 00:00:23]} 10.
Be2 {[%clk 01:34:09]} {[%emt 00:00:05]} O-O {[%clk 01:33:39]} {[%emt 00:00:41]}
11. Bd2 {[%clk 01:34:33]} {[%emt 00:00:07]} Nd7 {[%clk 01:32:22]} {[%emt
00:01:47]} 12. a5 {[%clk 01:34:07]} {[%emt 00:00:57]} f5 {[%clk 01:30:35]}
{[%emt 00:02:17]} 13. O-O {[%clk 01:33:57]} {[%emt 00:00:40]} a6 {[%clk
01:30:07]} {[%emt 00:00:58]} 14. Na3 {[%clk 01:34:22]} {[%emt 00:00:05]} e4
{[%clk 01:30:33]} {[%emt 00:00:04]} 15. Nc4 {[%clk 01:34:49]} {[%emt 00:00:02]}
Ne5 {[%clk 01:30:59]} {[%emt 00:00:04]} 16. Nb6 {[%clk 01:35:08]} {[%emt
00:00:11]} Rb8 {[%clk 01:31:24]} {[%emt 00:00:05]} 17. f4 {[%clk 01:35:16]}
{[%emt 00:00:22]} exf3 {[%clk 01:31:52]} {[%emt 00:00:02]} 18. Bxf3 {[%clk
01:35:41]} {[%emt 00:00:05]} Bf6 {[%clk 01:32:10]} {[%emt 00:00:12]} 19. Bb4
{[%clk 01:10:20]} {[%emt 00:25:51]} g5 {[%clk 01:06:59]} {[%emt 00:25:42]} 20.
c4 {[%clk 01:10:30]} {[%emt 00:00:20]} Bg7 {[%clk 01:03:23]} {[%emt 00:04:06]}
21. Qd2 {[%clk 00:54:50]} {[%emt 00:16:10]} f4 {[%clk 00:59:43]} {[%emt
00:04:10]} 22. Be4 {[%clk 00:42:35]} {[%emt 00:12:44]} Bf5 {[%clk 00:50:57]}
{[%emt 00:09:17]} 23. Rae1 {[%clk 00:43:00]} {[%emt 00:00:05]} Bxe4 {[%clk
00:45:12]} {[%emt 00:06:15]} 24. Rxe4 {[%clk 00:43:24]} {[%emt 00:00:06]} f3
{[%clk 00:45:01]} {[%emt 00:00:42]} 25. c5 {[%clk 00:40:23]} {[%emt 00:03:30]}
fxg2 {[%clk 00:39:07]} {[%emt 00:06:24]} 26. Qxg2 {[%clk 00:40:43]} {[%emt
00:00:10]} Rxf1+ {[%clk 00:27:53]} {[%emt 00:11:45]} 27. Qxf1 {[%clk 00:40:19]}
{[%emt 00:00:54]} dxc5 {[%clk 00:21:39]} {[%emt 00:06:45]} 28. Bxc5 {[%clk
00:30:59]} {[%emt 00:09:50]} g4 {[%clk 00:15:06]} {[%emt 00:07:03]} 29. Qf5
{[%clk 00:28:54]} {[%emt 00:02:34]} Nf3+ {[%clk 00:07:25]} {[%emt 00:08:10]} 30.
Kh1 {[%clk 00:29:12]} {[%emt 00:00:13]} Qc7 {[%clk 00:05:35]} {[%emt 00:02:21]}
31. d6 {[%clk 00:27:26]} {[%emt 00:02:15]} Qc6 {[%clk 00:05:54]} {[%emt
00:00:11]} 32. Nc8 {[%clk 00:23:23]} {[%emt 00:04:33]} Rxc8 {[%clk 00:04:31]}
{[%emt 00:01:54]} 33. d7 {[%clk 00:22:15]} {[%emt 00:01:37]} Rf8 {[%clk
00:02:27]} {[%emt 00:02:34]} 34. Qxf8+ {[%clk 00:21:22]} {[%emt 00:01:23]} Bxf8
{[%clk 00:02:44]} {[%emt 00:00:13]} 35. d8=Q {[%clk 00:21:46]} {[%emt
00:00:05]} Qxc5 {[%clk 00:02:24]} {[%emt 00:00:51]} 36. Rxg4+ {[%clk 00:22:13]}
{[%emt 00:00:03]} Kf7 {[%clk 00:02:18]} {[%emt 00:00:36]} 37. Rf4+ {[%clk
00:22:38]} {[%emt 00:00:04]} Kg8 {[%clk 00:01:35]} {[%emt 00:01:13]} 38. Rxf3
{[%clk 00:23:03]} {[%emt 00:00:05]} 1-0

[Event "World Cup 2023 Open"]
[Site "Baku, Azerbaijan"]
[Date "2023.08.02"]
[Round "11.17"]
[White "Sanal Vahap (TUR)"]
[Black "Abdusattorov Nodirbek (UZB)"]
[Result "1/2-1/2"]
[WhiteFideId "6300545"]
[BlackFideId "14204118"]
[WhiteElo "2585"]
[BlackElo "2725"]

1. e4 {[%clk 01:30:56]} {[%emt 00:00:03]} e5 {[%clk 01:30:42]} {[%emt
00:00:19]} 2. Nf3 {[%clk 01:31:18]} {[%emt 00:00:08]} Nc6 {[%clk 01:30:53]}
{[%emt 00:00:19]} 3. Nc3 {[%clk 01:31:38]} {[%emt 00:00:10]} Nf6 {[%clk
01:30:37]} {[%emt 00:00:46]} 4. d4 {[%clk 01:31:58]} {[%emt 00:00:10]} exd4
{[%clk 01:30:32]} {[%emt 00:00:35]} 5. Nxd4 {[%clk 01:32:19]} {[%emt 00:00:08]}
Bb4 {[%clk 01:30:49]} {[%emt 00:00:14]} 6. Nxc6 {[%clk 01:32:41]} {[%emt
00:00:08]} bxc6 {[%clk 01:31:04]} {[%emt 00:00:15]} 7. Bd3 {[%clk 01:33:04]}
{[%emt 00:00:07]} d5 {[%clk 01:31:07]} {[%emt 00:00:27]} 8. exd5 {[%clk
01:33:29]} {[%emt 00:00:05]} O-O {[%clk 01:31:26]} {[%emt 00:00:11]} 9. O-O
{[%clk 01:33:54]} {[%emt 00:00:05]} cxd5 {[%clk 01:31:48]} {[%emt 00:00:08]} 10.
h3 {[%clk 01:34:13]} {[%emt 00:00:11]} c6 {[%clk 01:31:56]} {[%emt 00:00:22]}
11. Qf3 {[%clk 01:34:35]} {[%emt 00:00:08]} h6 {[%clk 01:32:09]} {[%emt
00:00:17]} 12. Ne2 {[%clk 01:27:19]} {[%emt 00:07:46]} Re8 {[%clk 01:21:22]}
{[%emt 00:11:18]} 13. Nd4 {[%clk 01:23:01]} {[%emt 00:04:48]} Bf8 {[%clk
01:19:38]} {[%emt 00:02:15]} 14. Bf4 {[%clk 01:06:57]} {[%emt 00:16:34]} Qb6
{[%clk 01:17:44]} {[%emt 00:02:24]} 15. c3 {[%clk 01:07:11]} {[%emt 00:00:16]}
Bd7 {[%clk 01:15:34]} {[%emt 00:02:40]} 16. b4 {[%clk 01:01:30]} {[%emt
00:06:10]} Ne4 {[%clk 01:15:54]} {[%emt 00:00:09]} 17. Bxe4 {[%clk 00:59:26]}
{[%emt 00:02:35]} Rxe4 {[%clk 01:12:25]} {[%emt 00:04:00]} 18. Qg3 {[%clk
00:58:26]} {[%emt 00:01:29]} c5 {[%clk 01:09:47]} {[%emt 00:03:09]} 19. bxc5
{[%clk 00:57:35]} {[%emt 00:01:20]} Bxc5 {[%clk 01:10:14]} {[%emt 00:00:03]} 20.
Rab1 {[%clk 00:48:46]} {[%emt 00:09:19]} Qf6 {[%clk 01:10:06]} {[%emt
00:00:39]} 21. Bb8 {[%clk 00:49:00]} {[%emt 00:00:16]} Bb6 {[%clk 01:10:32]}
{[%emt 00:00:05]} 22. Bc7 {[%clk 00:47:32]} {[%emt 00:01:57]} Bc5 {[%clk
01:10:10]} {[%emt 00:00:52]} 23. Bb8 {[%clk 00:47:28]} {[%emt 00:00:34]} Qg5
{[%clk 00:56:16]} {[%emt 00:14:24]} 24. Qxg5 {[%clk 00:42:52]} {[%emt
00:05:06]} hxg5 {[%clk 00:56:45]} {[%emt 00:00:01]} 25. Rb7 {[%clk 00:42:45]}
{[%emt 00:00:37]} Bxd4 {[%clk 00:46:21]} {[%emt 00:10:54]} 26. Rxd7 {[%clk
00:32:14]} {[%emt 00:11:00]} Rxb8 {[%clk 00:46:02]} {[%emt 00:00:49]} 27. cxd4
{[%clk 00:32:39]} {[%emt 00:00:05]} Rxd4 {[%clk 00:46:26]} {[%emt 00:00:06]} 28.
Rxa7 {[%clk 00:32:43]} {[%emt 00:00:25]} Rb2 {[%clk 00:46:35]} {[%emt
00:00:22]} 29. a4 {[%clk 00:29:35]} {[%emt 00:03:38]} Rdd2 {[%clk 00:46:51]}
{[%emt 00:00:15]} 30. a5 {[%clk 00:29:38]} {[%emt 00:00:27]} Ra2 {[%clk
00:47:14]} {[%emt 00:00:06]} 31. a6 {[%clk 00:30:01]} {[%emt 00:00:07]} f5
{[%clk 00:44:56]} {[%emt 00:02:49]} 32. Rd7 {[%clk 00:26:35]} {[%emt 00:03:56]}
Rxa6 {[%clk 00:45:12]} {[%emt 00:00:14]} 33. Re1 {[%clk 00:26:59]} {[%emt
00:00:05]} g4 {[%clk 00:43:42]} {[%emt 00:02:00]} 34. hxg4 {[%clk 00:23:46]}
{[%emt 00:03:43]} fxg4 {[%clk 00:44:10]} {[%emt 00:00:02]} 35. Kh2 {[%clk
00:17:52]} {[%emt 00:06:24]} d4 {[%clk 00:38:35]} {[%emt 00:06:06]} 36. Re4
{[%clk 00:14:14]} {[%emt 00:04:07]} Rh6+ {[%clk 00:38:26]} {[%emt 00:00:39]} 37.
Kg3 {[%clk 00:14:42]} {[%emt 00:00:02]} Rd3+ {[%clk 00:38:50]} {[%emt
00:00:07]} 38. Re3 {[%clk 00:11:33]} {[%emt 00:03:38]} dxe3 {[%clk 00:38:28]}
{[%emt 00:00:52]} 39. Rxd3 {[%clk 00:11:58]} {[%emt 00:00:05]} exf2 {[%clk
00:38:51]} {[%emt 00:00:08]} 40. Kxf2 {[%clk 00:12:16]} {[%emt 00:00:12]} Re6
{[%clk 00:39:18]} {[%emt 00:00:04]} 1/2-1/2